00286nam a2200109Ia 4500008004100000020001800041082001600059100001800075245004600093260001400139500002300153260604s9999 xx 000 0 und d a9781032745350 a658.406 MAR aGraeme martin 0aManaging People in Changing Organizations bRoutledge aManagement, Change